Ke arah hidup tenteram dan bahagia

Bibliographic Details
Main Author: Carnegie, Dale
Format: Book
Published: Kuala Lumpur : Golden Books Centre , 1995
Subjects:

MARC

LEADER 00000cam a2200000 7i4500
001 0000008399
005 20010131.0
020 |a 983720141X 
040 |a INS 
090 0 0 |a 158.1   |b CAR 
100 1 |a Carnegie, Dale 
245 1 0 |a Ke arah hidup tenteram dan bahagia   |c Dale Carnegie 
260 |a Kuala Lumpur :   |b Golden Books Centre ,   |c 1995 
300 |a 547ms. ;   |c 22cm. 
650 0 0 |a Success 
650 0 0 |a Worry 
999 |a 0000007981   |b BOOK   |c Open Shelf   |e Default branch